000 01798cam a22004095a 4500
001 e158820
008 100119s2011 xxko f 001 0 eng d
020 _a9781900915618
035 _a(Sirsi) u158820
041 0 _aeng
050 0 4 _a690.241 $2 18
110 2 _aCathedral Communications Limited
_93087
245 0 0 _aHistoric churches
_bthe conservation and repair of ecclesiastical buildings
_h[electronic resource]
250 _a18th ed.
260 _aTisbury
_bCathedral Communications
_c2011
300 _a56p.
_bcol. ill.
_c30cm.
490 0 _aBuilding Conservation Directory Special Report
505 2 _aThe view from the church in Wales -- Medieval English pulpits -- A place of honour -- Fabric-friendly heating -- The conservation of historic timber bell frames -- Perfected by the hand of taste -- Solar photovoltaics and historic places of worship -- Historic leaded lights -- Reviving a lost art -- Sacred space
520 _aDiscusses issues, building techniques and materials relevant to the conservation and repair of churches. Includes a directory of useful organisations, products and services.
521 2 _aAdvanced
590 _aKA
651 4 _aUnited Kingdom
_y
690 _aBUILT ENVIRONMENT-BUILDING MAINTENANCE AND REFURBISHMENT-BUILDING RESTORATION
700 1 _aGlanville, Alex
700 1 _aTracy, Charles
700 1 _aAmery, Colin
700 1 _aCamuffo, Dario
700 1 _aRumley, Peter TJ
700 1 _aCurl, James Stevens
700 1 _aEvans, Diana
700 1 _aClare, Stephen
700 1 _aOrgan, Tom
700 1 _aDoig, Allan
710 2 _aBuilding Conservation Directory
_93988
856 4 1 _uhttps://www.buildingconservation.com/articles/allarticles.htm
_zView the articles at www.buildingconservation.com
942 _n0
_2ddc
999 _c115520
_d115520